000 00424nam a2200181Ia 4500
001 9196
005 20260306160705.0
008 260306t2003||||xx |||||||||||||| ||spa||
041 _aESP
082 _a375.001
_bM16A
100 _aMagendzo, Abraham
_eAUT
245 0 _aTransversalidad y currĂ­culum
260 _c2003
300 _a107 páginas :
_c24 cm.
650 _aGEN
654 _aCED
942 _cLIB
_dJUS
_fJUS
_2ddc
_n
999 _c9196
_d9196